000 00675cam a2200217 4500
001 B2238
008 090401t1988 xxu||||| |||| 00| 0 eng d
035 _a(Sirsi) u48893
041 _aeng
050 _a306.1
100 _aMorrell, James
245 _aBusiness forecasts for the housing market including regional profiles and detailed house price forecasts by type and age
260 _aLondon
_bJames Morrell Associates
_c1988
300 _a79p. ; 30cm.
350 _a70
520 _aPublished in association with Charterhouse plc . - Shelved at Reserve shelf 317
650 _aHOUSE PRICES
650 _aHOUSING STATISTICS
942 _n0
948 _c04/03/1997
999 _c92427
_d92427